000 00271nam a2200109Ia 4500
008 190216s9999||||xx |||||||||||||| ||und||
100 _aSrivasthva R M
245 0 _aFundamentals Of Corporation Finance
260 _bWisdom Publications
_c1980
300 _a184p
942 _cBK
999 _c4798
_d4798